000 00826cam a2200265 4500
008 090401t1997 xxu||||| |||| 00| 0 eng d
020 _a0854068562
035 _a(Sirsi) u81686
041 0 _aeng
050 0 4 _a333.336 $2 18
110 2 _aRoyal Institution of Chartered Surveyors
_94900
245 0 0 _aRoom for growth
_ba study of the strategic and operational property requirements of the manufacturing sector
260 _aLondon
_bRICS
_c1997
300 _a25, 12, 7p.
_c30cm.
350 _a15.95
490 0 _aRICS Research
520 _aSummary of main report (M89188).
651 4 _aUnited Kingdom
_y
690 _aPROPERTY-INDUSTRIAL PROPERTY
710 2 _aGrimley
_92421
710 2 _aConfederation of British Industry
_9414
710 2 _aUniversity of Reading
_93273
942 _n0
948 _c27/10/1997
999 _c96737
_d96737